LDR 00852nam a2200205 i 4500 001 000000171376 003 CaOOAMICUS 005 20080428000000.0 008 080428s1941 it u000 u ita u 013 $a148807 040 $aSeMil$bita 100 1 $aMacaulay, Thomas Babington,$d<1800-1859>.$0(OLS)http://semarc/name/89448 245 10$aSaggi scelti /$cTH. Babington Macaulay ; A cura di Dante Milani. 260 $aTorino :$bUnione Tipografico-Editrice Torinese,$c1941. 300 $a307 p., [1] p. di ritratto ;$c19 cm. 700 1 $aMilani, Dante.$0(OLS)http://semarc/name/64085 850 $aSeMil 852 $aSeMil$W1$xVenegono$y1$m1W II 97$j122245$B122245$CSeMilBibl$Z2$F133567 $81 996 $6245$aSaggi scelti$9(OLS)http://semarc/title/245148 996 $6260$aTorino :$bUnione Tipografico-Editrice Torinese$9(OLS)http://semarc/publisher/29628